000 00448cam a22001814a 4500
005 20250605163538.0
008 250528s ||||||||||||||||||||||||d
035 _a21479
040 _aGR-AtMCL
_bgre
_dGR-AtMCL
_eAACR2
245 1 _aΣΤΑΤΙΣΤΙΚΗ
250 _a2
260 _bΠαπαζήση,
_c1984
300 _a669
700 1 _aΔρακατος Κωνσταντινος Γ
942 _cBK
999 _c6541
_d6541